<?xml version="1.0" encoding="UTF-8"?>
<record
    xmlns:xsi="http://www.w3.org/2001/XMLSchema-instance"
    xsi:schemaLocation="http://www.loc.gov/MARC21/slim http://www.loc.gov/standards/marcxml/schema/MARC21slim.xsd"
    xmlns="http://www.loc.gov/MARC21/slim">

  <leader>02879nam a22004217a 4500</leader>
  <controlfield tag="001">42338</controlfield>
  <controlfield tag="003">BD-RjUL</controlfield>
  <controlfield tag="005">20211209053527.0</controlfield>
  <controlfield tag="008">160612s2011    bg ||||| e||| 00| 0 b   d</controlfield>
  <datafield tag="020" ind1=" " ind2=" ">
    <subfield code="a">9789845120210 (V-1)</subfield>
    <subfield code="c">: Tk. 10,000.00 (Set Price)</subfield>
  </datafield>
  <datafield tag="020" ind1=" " ind2=" ">
    <subfield code="a">9789845120227 (V-2)</subfield>
    <subfield code="c">: Tk. 10,000.00 (Set Price)</subfield>
  </datafield>
  <datafield tag="020" ind1=" " ind2=" ">
    <subfield code="a">9789845120234 (V-3)</subfield>
    <subfield code="c">: Tk. 10,000.00 (Set Price)</subfield>
  </datafield>
  <datafield tag="020" ind1=" " ind2=" ">
    <subfield code="a">9789845120241 (V-4)</subfield>
    <subfield code="c">: Tk. 10,000.00 (Set Price)</subfield>
  </datafield>
  <datafield tag="020" ind1=" " ind2=" ">
    <subfield code="a">9789845120258 (V-5)</subfield>
    <subfield code="c">: Tk. 10,000.00 (Set Price)</subfield>
  </datafield>
  <datafield tag="020" ind1=" " ind2=" ">
    <subfield code="a">9789845120265 (V-6)</subfield>
    <subfield code="c">: Tk. 10,000.00 (Set Price)</subfield>
  </datafield>
  <datafield tag="020" ind1=" " ind2=" ">
    <subfield code="a">9789845120272 (V-7)</subfield>
    <subfield code="c">: Tk. 10,000.00 (Set Price)</subfield>
  </datafield>
  <datafield tag="020" ind1=" " ind2=" ">
    <subfield code="a">9789845120289 (V-8)</subfield>
    <subfield code="c">: Tk. 10,000.00 (Set Price)</subfield>
  </datafield>
  <datafield tag="020" ind1=" " ind2=" ">
    <subfield code="a">9789845120296 (V-9)</subfield>
    <subfield code="c">: Tk. 10,000.00 (Set Price)</subfield>
  </datafield>
  <datafield tag="020" ind1=" " ind2=" ">
    <subfield code="a">9789845120302 (V-10)</subfield>
    <subfield code="c">: Tk. 10,000.00 (Set Price)</subfield>
  </datafield>
  <datafield tag="020" ind1=" " ind2=" ">
    <subfield code="a">9789845120319 (V-11)</subfield>
    <subfield code="c">: Tk. 10,000.00 (Set Price)</subfield>
  </datafield>
  <datafield tag="020" ind1=" " ind2=" ">
    <subfield code="a">9789845120326 (V-12)</subfield>
    <subfield code="c">: Tk. 10,000.00 (Set Price)</subfield>
  </datafield>
  <datafield tag="020" ind1=" " ind2=" ">
    <subfield code="a">9789845120333 (V-13)</subfield>
    <subfield code="c">: Tk. 10,000.00 (Set Price)</subfield>
  </datafield>
  <datafield tag="020" ind1=" " ind2=" ">
    <subfield code="a">9789845120340 (V-14)</subfield>
    <subfield code="c">: Tk. 10,000.00 (Set Price)</subfield>
  </datafield>
  <datafield tag="035" ind1=" " ind2=" ">
    <subfield code="a">(BD-RjUL) 42456</subfield>
  </datafield>
  <datafield tag="040" ind1=" " ind2=" ">
    <subfield code="a">BD-RjUL</subfield>
    <subfield code="b">ben</subfield>
    <subfield code="c">BD-RjUL</subfield>
  </datafield>
  <datafield tag="041" ind1=" " ind2=" ">
    <subfield code="a">ben</subfield>
  </datafield>
  <datafield tag="082" ind1=" " ind2=" ">
    <subfield code="2">23</subfield>
    <subfield code="a">039.9144</subfield>
    <subfield code="b">BAN 2011</subfield>
  </datafield>
  <datafield tag="245" ind1="0" ind2="0">
    <subfield code="a">&#x9AC;&#x9BE;&#x982;&#x9B2;&#x9BE;&#x9AA;&#x9BF;&#x9A1;&#x9BF;&#x9AF;&#x9BC;&#x9BE; :</subfield>
    <subfield code="b">&#x9AC;&#x9BE;&#x982;&#x9B2;&#x9BE;&#x9A6;&#x9C7;&#x9B6; &#x99C;&#x9BE;&#x9A4;&#x9C0;&#x9AF;&#x9BC; &#x99C;&#x9CD;&#x99E;&#x9BE;&#x9A8;&#x995;&#x9CB;&#x9B7; /</subfield>
    <subfield code="c">&#x9AA;&#x9CD;&#x9B0;&#x9A7;&#x9BE;&#x9A8; &#x9B8;&#x9AE;&#x9CD;&#x9AA;&#x9BE;&#x9A6;&#x995; &#x9B8;&#x9BF;&#x9B0;&#x9BE;&#x99C;&#x9C1;&#x9B2; &#x987;&#x9B8;&#x9B2;&#x9BE;&#x9AE; ; &#x9AC;&#x9CD;&#x9AF;&#x9AC;&#x9B8;&#x9CD;&#x9A5;&#x9BE;&#x9AA;&#x9A8;&#x9BE; &#x9B8;&#x9AE;&#x9CD;&#x9AA;&#x9BE;&#x9A6;&#x995; &#x9B8;&#x9BE;&#x99C;&#x9BE;&#x9B9;&#x9BE;&#x9A8; &#x9AE;&#x9BF;&#x9AF;&#x9BC;&#x9BE; </subfield>
  </datafield>
  <datafield tag="250" ind1=" " ind2=" ">
    <subfield code="a">&#x9E8;&#x9AF;&#x9BC; &#x9B8;&#x982;.</subfield>
  </datafield>
  <datafield tag="260" ind1=" " ind2=" ">
    <subfield code="a">&#x9A2;&#x9BE;&#x995;&#x9BE; :</subfield>
    <subfield code="b">&#x9AC;&#x9BE;&#x982;&#x9B2;&#x9BE;&#x9A6;&#x9C7;&#x9B6; &#x98F;&#x9B6;&#x9BF;&#x9AF;&#x9BC;&#x9BE;&#x99F;&#x9BF;&#x995; &#x9B8;&#x9CB;&#x9B8;&#x9BE;&#x987;&#x99F;&#x9BF;,</subfield>
    <subfield code="c">&#x9E8;&#x9E6;&#x9E7;&#x9E7;</subfield>
  </datafield>
  <datafield tag="300" ind1=" " ind2=" ">
    <subfield code="a">&#x9E7;&#x9EA; &#x996;&#x9A3;&#x9CD;&#x9A1; :</subfield>
    <subfield code="b">&#x99A;&#x9BF;&#x9A4;&#x9CD;&#x9B0; ;</subfield>
    <subfield code="c">&#x9E8;&#x9EB; &#x9B8;&#x9C7;&#x9AE;&#x9BF;.</subfield>
  </datafield>
  <datafield tag="505" ind1="0" ind2=" ">
    <subfield code="a">&#x996;&#x9A3;&#x9CD;&#x9A1; &#x9E7;: &#x985;&#x993;-&#x987;&#x9AC; -- &#x996;&#x9A3;&#x9CD;&#x9A1; &#x9E8; : &#x987;&#x9AC;-&#x995;&#x9BE;&#x9AE; -- &#x996;&#x9A3;&#x9CD;&#x9A1; &#x9E9; : &#x995;&#x9BE;&#x9AE;-&#x997;&#x9A3; --&#x996;&#x9A3;&#x9CD;&#x9A1; &#x9EA; : &#x997;&#x9A3;-&#x99C;&#x9A8; -- &#x996;&#x9A3;&#x9CD;&#x9A1; &#x9EB; : &#x99C;&#x9A8;-&#x9A4;&#x9C1;&#x99C;&#x9C1; -- &#x996;&#x9A3;&#x9CD;&#x9A1; &#x9EC; : &#x9A4;&#x9C1;&#x99C;&#x9C1;-&#x9A8;&#x9BF;&#x9AE; -- &#x996;&#x9A3;&#x9CD;&#x9A1; &#x9ED;: &#x9A8;&#x9BF;&#x9AE;-&#x9AA;&#x9CD;&#x9B0;&#x9A4;&#x9CD;&#x9A8; -- &#x996;&#x9A3;&#x9CD;&#x9A1; &#x9EE; : &#x9AA;&#x9CD;&#x9B0;&#x9A4;&#x9CD;&#x9A8;-&#x9AC;&#x9BE;&#x982;&#x9B2;&#x9BE; -- &#x996;&#x9A3;&#x9CD;&#x9A1; &#x9EF; : &#x9AC;&#x9BE;&#x982;&#x9B2;&#x9BE;-&#x9AC;&#x9C8;&#x9B6;&#x9CD;&#x9AF; -- &#x996;&#x9A3;&#x9CD;&#x9A1; &#x9E7;&#x9E6; : &#x9AC;&#x9C8;&#x9B7;&#x9CD;&#x9A3;-&#x9AE;&#x9BE;&#x997; -- &#x996;&#x9A3;&#x9CD;&#x9A1; &#x9E7;&#x9E7; : &#x9AE;&#x9BE;&#x997;&#x9C1;-&#x9B0;&#x9AC;&#x9BE; -- &#x996;&#x9A3;&#x9CD;&#x9A1; &#x9E7;&#x9E8; : &#x9B0;&#x9AC;&#x9C0;-&#x9B6;&#x9BF;&#x995;&#x9BE; -- &#x996;&#x9A3;&#x9CD;&#x9A1; &#x9E7;&#x9E9; : &#x9B6;&#x9BF;&#x995;&#x9CD;&#x9B7;&#x9BE;-&#x9B8;&#x9C1;&#x9A8;&#x9BE; -- &#x996;&#x9A3;&#x9CD;&#x9A1; &#x9E7;&#x9EA; : &#x9B8;&#x9C1;&#x9A8;&#x9BE;-&#x9B9;&#x9CD;&#x9AF;&#x9BE;&#x9B2;&#x9BF;</subfield>
  </datafield>
  <datafield tag="650" ind1=" " ind2=" ">
    <subfield code="a">&#x9AC;&#x9BF;&#x9B6;&#x9CD;&#x9AC;&#x995;&#x9CB;&#x9B7; &#x98F;&#x9AC;&#x982; &#x985;&#x9AD;&#x9BF;&#x9A7;&#x9BE;&#x9A8;, &#x9AC;&#x9BE;&#x982;&#x9B2;&#x9BE;</subfield>
    <subfield code="z">&#x9AC;&#x9BE;&#x982;&#x9B2;&#x9BE;&#x9A6;&#x9C7;&#x9B6;</subfield>
    <subfield code="9">130341</subfield>
  </datafield>
  <datafield tag="650" ind1=" " ind2=" ">
    <subfield code="a">Encyclopedias and Dictionaries, Bengali</subfield>
    <subfield code="z">Bangladesh</subfield>
    <subfield code="9">130342</subfield>
  </datafield>
  <datafield tag="700" ind1=" " ind2=" ">
    <subfield code="a">&#x987;&#x9B8;&#x9B2;&#x9BE;&#x9AE;, &#x9B8;&#x9BF;&#x9B0;&#x9BE;&#x99C;&#x9C1;&#x9B2;, &#x9AA;&#x9CD;&#x9B0;&#x9A7;&#x9BE;&#x9A8; &#x9B8;&#x9AE;&#x9CD;&#x9AA;&#x9BE;&#x9A6;&#x995;   </subfield>
    <subfield code="9">124082</subfield>
  </datafield>
  <datafield tag="700" ind1=" " ind2=" ">
    <subfield code="a">&#x9AE;&#x9BF;&#x9AF;&#x9BC;&#x9BE;, &#x9B8;&#x9BE;&#x99C;&#x9BE;&#x9B9;&#x9BE;&#x9A8;, &#x9AC;&#x9CD;&#x9AF;&#x9AC;&#x9B8;&#x9CD;&#x9A5;&#x9BE;&#x9AA;&#x9A8;&#x9BE; &#x9B8;&#x9AE;&#x9CD;&#x9AA;&#x9BE;&#x9A6;&#x995; </subfield>
    <subfield code="9">124083</subfield>
  </datafield>
  <datafield tag="942" ind1=" " ind2=" ">
    <subfield code="2">ddc</subfield>
    <subfield code="c">REF</subfield>
  </datafield>
  <datafield tag="999" ind1=" " ind2=" ">
    <subfield code="c">42338</subfield>
    <subfield code="d">42338</subfield>
  </datafield>
  <datafield tag="952" ind1=" " ind2=" ">
    <subfield code="0">0</subfield>
    <subfield code="1">0</subfield>
    <subfield code="2">ddc</subfield>
    <subfield code="4">0</subfield>
    <subfield code="7">1</subfield>
    <subfield code="8">NFIC</subfield>
    <subfield code="a">RUCL</subfield>
    <subfield code="b">RUCL</subfield>
    <subfield code="c">Reference</subfield>
    <subfield code="d">2015-07-01</subfield>
    <subfield code="e">Dhaka, Banglapedia Trust</subfield>
    <subfield code="g">714.28</subfield>
    <subfield code="l">0</subfield>
    <subfield code="o">BR 039.9144 BAN V-1 2011</subfield>
    <subfield code="r">2016-06-12 00:00:00</subfield>
    <subfield code="t">C-1</subfield>
    <subfield code="w">2021-12-09</subfield>
    <subfield code="y">REF</subfield>
  </datafield>
  <datafield tag="952" ind1=" " ind2=" ">
    <subfield code="0">0</subfield>
    <subfield code="1">0</subfield>
    <subfield code="2">ddc</subfield>
    <subfield code="4">0</subfield>
    <subfield code="7">1</subfield>
    <subfield code="8">NFIC</subfield>
    <subfield code="a">RUCL</subfield>
    <subfield code="b">RUCL</subfield>
    <subfield code="c">Reference</subfield>
    <subfield code="d">2015-07-01</subfield>
    <subfield code="e">Dhaka, Banglapedia Trust</subfield>
    <subfield code="g">714.28</subfield>
    <subfield code="l">0</subfield>
    <subfield code="o">BR 039.9144 BAN V-2 2011</subfield>
    <subfield code="r">2016-06-12 00:00:00</subfield>
    <subfield code="t">C-1</subfield>
    <subfield code="w">2021-12-09</subfield>
    <subfield code="y">REF</subfield>
  </datafield>
  <datafield tag="952" ind1=" " ind2=" ">
    <subfield code="0">0</subfield>
    <subfield code="1">0</subfield>
    <subfield code="2">ddc</subfield>
    <subfield code="4">0</subfield>
    <subfield code="7">1</subfield>
    <subfield code="8">NFIC</subfield>
    <subfield code="a">RUCL</subfield>
    <subfield code="b">RUCL</subfield>
    <subfield code="c">Reference</subfield>
    <subfield code="d">2015-07-01</subfield>
    <subfield code="e">Dhaka, Banglapedia Trust</subfield>
    <subfield code="g">714.28</subfield>
    <subfield code="l">0</subfield>
    <subfield code="o">BR 039.9144 BAN V-3 2011</subfield>
    <subfield code="r">2016-06-12 00:00:00</subfield>
    <subfield code="t">C-1</subfield>
    <subfield code="w">2021-12-09</subfield>
    <subfield code="y">REF</subfield>
  </datafield>
  <datafield tag="952" ind1=" " ind2=" ">
    <subfield code="0">0</subfield>
    <subfield code="1">0</subfield>
    <subfield code="2">ddc</subfield>
    <subfield code="4">0</subfield>
    <subfield code="7">1</subfield>
    <subfield code="8">NFIC</subfield>
    <subfield code="a">RUCL</subfield>
    <subfield code="b">RUCL</subfield>
    <subfield code="c">Reference</subfield>
    <subfield code="d">2015-07-01</subfield>
    <subfield code="e">Dhaka, Banglapedia Trust</subfield>
    <subfield code="g">714.28</subfield>
    <subfield code="l">0</subfield>
    <subfield code="o">BR 039.9144 BAN V-4 2011</subfield>
    <subfield code="r">2016-06-12 00:00:00</subfield>
    <subfield code="t">C-1</subfield>
    <subfield code="w">2021-12-09</subfield>
    <subfield code="y">REF</subfield>
  </datafield>
  <datafield tag="952" ind1=" " ind2=" ">
    <subfield code="0">0</subfield>
    <subfield code="1">0</subfield>
    <subfield code="2">ddc</subfield>
    <subfield code="4">0</subfield>
    <subfield code="7">1</subfield>
    <subfield code="8">NFIC</subfield>
    <subfield code="a">RUCL</subfield>
    <subfield code="b">RUCL</subfield>
    <subfield code="c">Reference</subfield>
    <subfield code="d">2015-07-01</subfield>
    <subfield code="e">Dhaka, Banglapedia Trust</subfield>
    <subfield code="g">714.28</subfield>
    <subfield code="l">0</subfield>
    <subfield code="o">BR 039.9144 BAN V-5 2011</subfield>
    <subfield code="r">2016-06-12 00:00:00</subfield>
    <subfield code="t">C-1</subfield>
    <subfield code="w">2021-12-09</subfield>
    <subfield code="y">REF</subfield>
  </datafield>
  <datafield tag="952" ind1=" " ind2=" ">
    <subfield code="0">0</subfield>
    <subfield code="1">0</subfield>
    <subfield code="2">ddc</subfield>
    <subfield code="4">0</subfield>
    <subfield code="7">1</subfield>
    <subfield code="8">NFIC</subfield>
    <subfield code="a">RUCL</subfield>
    <subfield code="b">RUCL</subfield>
    <subfield code="c">Reference</subfield>
    <subfield code="d">2015-07-01</subfield>
    <subfield code="e">Dhaka, Banglapedia Trust</subfield>
    <subfield code="g">714.28</subfield>
    <subfield code="l">0</subfield>
    <subfield code="o">BR 039.9144 BAN V-6 2011</subfield>
    <subfield code="r">2016-06-12 00:00:00</subfield>
    <subfield code="t">C-1</subfield>
    <subfield code="w">2021-12-09</subfield>
    <subfield code="y">REF</subfield>
  </datafield>
  <datafield tag="952" ind1=" " ind2=" ">
    <subfield code="0">0</subfield>
    <subfield code="1">0</subfield>
    <subfield code="2">ddc</subfield>
    <subfield code="4">0</subfield>
    <subfield code="7">1</subfield>
    <subfield code="8">NFIC</subfield>
    <subfield code="a">RUCL</subfield>
    <subfield code="b">RUCL</subfield>
    <subfield code="c">Reference</subfield>
    <subfield code="d">2015-07-01</subfield>
    <subfield code="e">Dhaka, Banglapedia Trust</subfield>
    <subfield code="g">714.28</subfield>
    <subfield code="l">0</subfield>
    <subfield code="o">BR 039.9144 BAN V-7 2011</subfield>
    <subfield code="r">2016-06-12 00:00:00</subfield>
    <subfield code="t">C-1</subfield>
    <subfield code="w">2021-12-09</subfield>
    <subfield code="y">REF</subfield>
  </datafield>
  <datafield tag="952" ind1=" " ind2=" ">
    <subfield code="0">0</subfield>
    <subfield code="1">0</subfield>
    <subfield code="2">ddc</subfield>
    <subfield code="4">0</subfield>
    <subfield code="7">1</subfield>
    <subfield code="8">NFIC</subfield>
    <subfield code="a">RUCL</subfield>
    <subfield code="b">RUCL</subfield>
    <subfield code="c">Reference</subfield>
    <subfield code="d">2015-07-01</subfield>
    <subfield code="e">Dhaka, Banglapedia Trust</subfield>
    <subfield code="g">714.28</subfield>
    <subfield code="l">0</subfield>
    <subfield code="o">BR 039.9144 BAN V-8 2011</subfield>
    <subfield code="r">2016-06-12 00:00:00</subfield>
    <subfield code="t">C-1</subfield>
    <subfield code="w">2021-12-09</subfield>
    <subfield code="y">REF</subfield>
  </datafield>
  <datafield tag="952" ind1=" " ind2=" ">
    <subfield code="0">0</subfield>
    <subfield code="1">0</subfield>
    <subfield code="2">ddc</subfield>
    <subfield code="4">0</subfield>
    <subfield code="7">1</subfield>
    <subfield code="8">NFIC</subfield>
    <subfield code="a">RUCL</subfield>
    <subfield code="b">RUCL</subfield>
    <subfield code="c">Reference</subfield>
    <subfield code="d">2015-07-01</subfield>
    <subfield code="e">Dhaka, Banglapedia Trust</subfield>
    <subfield code="g">714.28</subfield>
    <subfield code="l">0</subfield>
    <subfield code="o">BR 039.9144 BAN V-9 2011</subfield>
    <subfield code="r">2016-06-12 00:00:00</subfield>
    <subfield code="t">C-1</subfield>
    <subfield code="w">2021-12-09</subfield>
    <subfield code="y">REF</subfield>
  </datafield>
  <datafield tag="952" ind1=" " ind2=" ">
    <subfield code="0">0</subfield>
    <subfield code="1">0</subfield>
    <subfield code="2">ddc</subfield>
    <subfield code="4">0</subfield>
    <subfield code="7">1</subfield>
    <subfield code="8">NFIC</subfield>
    <subfield code="a">RUCL</subfield>
    <subfield code="b">RUCL</subfield>
    <subfield code="c">Reference</subfield>
    <subfield code="d">2015-07-01</subfield>
    <subfield code="e">Dhaka, Banglapedia Trust</subfield>
    <subfield code="g">714.28</subfield>
    <subfield code="l">0</subfield>
    <subfield code="o">BR 039.9144 BAN V-10 2011</subfield>
    <subfield code="r">2016-06-12 00:00:00</subfield>
    <subfield code="t">C-1</subfield>
    <subfield code="w">2021-12-09</subfield>
    <subfield code="y">REF</subfield>
  </datafield>
  <datafield tag="952" ind1=" " ind2=" ">
    <subfield code="0">0</subfield>
    <subfield code="1">0</subfield>
    <subfield code="2">ddc</subfield>
    <subfield code="4">0</subfield>
    <subfield code="7">1</subfield>
    <subfield code="8">NFIC</subfield>
    <subfield code="a">RUCL</subfield>
    <subfield code="b">RUCL</subfield>
    <subfield code="c">Reference</subfield>
    <subfield code="d">2015-07-01</subfield>
    <subfield code="e">Dhaka, Banglapedia Trust</subfield>
    <subfield code="g">714.28</subfield>
    <subfield code="l">0</subfield>
    <subfield code="o">BR 039.9144 BAN V-11 2011</subfield>
    <subfield code="r">2016-06-12 00:00:00</subfield>
    <subfield code="t">C-1</subfield>
    <subfield code="w">2021-12-09</subfield>
    <subfield code="y">REF</subfield>
  </datafield>
  <datafield tag="952" ind1=" " ind2=" ">
    <subfield code="0">0</subfield>
    <subfield code="1">0</subfield>
    <subfield code="2">ddc</subfield>
    <subfield code="4">0</subfield>
    <subfield code="7">1</subfield>
    <subfield code="8">NFIC</subfield>
    <subfield code="a">RUCL</subfield>
    <subfield code="b">RUCL</subfield>
    <subfield code="c">Reference</subfield>
    <subfield code="d">2015-07-01</subfield>
    <subfield code="e">Dhaka, Banglapedia Trust</subfield>
    <subfield code="g">714.28</subfield>
    <subfield code="l">0</subfield>
    <subfield code="o">BR 039.9144 BAN V-12 2011</subfield>
    <subfield code="r">2016-06-12 00:00:00</subfield>
    <subfield code="t">C-1</subfield>
    <subfield code="w">2021-12-09</subfield>
    <subfield code="y">REF</subfield>
  </datafield>
  <datafield tag="952" ind1=" " ind2=" ">
    <subfield code="0">0</subfield>
    <subfield code="1">0</subfield>
    <subfield code="2">ddc</subfield>
    <subfield code="4">0</subfield>
    <subfield code="7">1</subfield>
    <subfield code="8">NFIC</subfield>
    <subfield code="a">RUCL</subfield>
    <subfield code="b">RUCL</subfield>
    <subfield code="c">Reference</subfield>
    <subfield code="d">2015-07-01</subfield>
    <subfield code="e">Dhaka, Banglapedia Trust</subfield>
    <subfield code="g">714.28</subfield>
    <subfield code="l">0</subfield>
    <subfield code="o">BR 039.9144 BAN V-13 2011</subfield>
    <subfield code="r">2016-06-12 00:00:00</subfield>
    <subfield code="t">C-1</subfield>
    <subfield code="w">2021-12-09</subfield>
    <subfield code="y">REF</subfield>
  </datafield>
  <datafield tag="952" ind1=" " ind2=" ">
    <subfield code="0">0</subfield>
    <subfield code="1">0</subfield>
    <subfield code="2">ddc</subfield>
    <subfield code="4">0</subfield>
    <subfield code="7">1</subfield>
    <subfield code="8">NFIC</subfield>
    <subfield code="a">RUCL</subfield>
    <subfield code="b">RUCL</subfield>
    <subfield code="c">Reference</subfield>
    <subfield code="d">2015-07-01</subfield>
    <subfield code="e">Dhaka, Banglapedia Trust</subfield>
    <subfield code="g">714.28</subfield>
    <subfield code="l">0</subfield>
    <subfield code="o">BR 039.9144 BAN V-14 2011</subfield>
    <subfield code="r">2016-06-12 00:00:00</subfield>
    <subfield code="t">C-1</subfield>
    <subfield code="w">2021-12-09</subfield>
    <subfield code="y">REF</subfield>
  </datafield>
</record>
